000 00624nam a22002417a 4500
003 UA-OsUOA
001 36063
007 ta
008 20060117b un ||||| |||| 00| 0 ukr d
100 _aЗлотина М.
090 _a130.123.1
_bЗ-68
942 _cBK
040 _aUA-OsUOA
_brus
_cUA-OsUOA
_dUA-OsUOA
245 _aДиалектика
300 _a343 с.
955 _a2
041 _arus
080 _a130.123.1
020 _a966-02-3131-8
260 _aК.
_bИнститут философии им. Сковороды
_c2004
650 7 _a1 Філософські науки
_2UDC
999 _c322333
_d322333